000 00833nam a22002537a 4500
999 _c134984
_d134984
003 dpl
005 20181105155641.0
008 181105b ||||| |||| 00| 0 eng d
010 _aB-107647, B-107668
020 _c00.00
_a9780070494703
035 _aB-107647, B-107668
037 _bCen Lib/Ret
040 _aDPL
_bEN
_c0
082 _a005.42
_bRAJ
100 _aRaj Kumar
_931273
245 _aEmbedded systems :
_cby Raj Kumar
_barchitecture, programming and design /
260 _aNew Delhi
_bTata McGraw-Hill
_c2003
270 _aWest Patel Nagar
_bNew Delhi
_e110008
300 _axvi,633p. :
_c24cm(pbk)
_bill.
500 _aIncludes bibliographical references and index
650 _aEmbedded computer systems
_943686
650 _aReal-time programming
_943687
942 _2ddc
_cEN
_h005.42
_mRAJ